|
|
|
|
| LEADER |
00000nam a2200000 a 4500 |
| 001 |
UCO0248 |
| 003 |
CL-VaPUC |
| 008 |
000420e19630000US |||||||||||||||||eng|d |
| 082 |
0 |
4 |
|a 324.23
|b CAS
|2 21
|
| 100 |
0 |
|
|a Castro Ruz, Fidel
|e author
|9 332589
|
| 245 |
1 |
4 |
|a The road to revolution in Latin America
|
| 300 |
|
|
|a 32 p
|
| 942 |
|
|
|c BK
|
| 945 |
|
|
|d 20000420 00:00:00
|a crobeson
|
| 260 |
|
|
|a Nueva York
|b Pioneer
|c 1963
|
| 500 |
|
|
|a Discurso pronunciado el 26 de julio de 1963, en La Habana, celebrando el décimo aniversario del ataque en Mondaca
|
| 650 |
|
0 |
|a Discursos políticos
|9 373524
|
| 650 |
|
7 |
|a REVOLUCION CUBANA
|2 CL-VaPUC
|9 340347
|
| 650 |
|
7 |
|a REVOLUCION
|2 CL-VaPUC
|9 338298
|
| 651 |
|
0 |
|a América Latina
|9 255027
|
| 583 |
|
|
|a last modification
|c 20000420 00:00:00
|k Rodrigo Vera
|
| 999 |
|
|
|c 286963
|d 286961
|
| 952 |
|
|
|0 0
|1 0
|4 0
|6 324_230000000000000_CAS_1963
|7 0
|8 A
|9 333248
|a BIBHIS
|b BIBHIS
|d 2019-11-20
|i 1270028
|o 324.23 CAS 1963
|p 1270028
|r 2025-01-20
|w 2019-11-20
|y BK
|k HIS
|